000
00262nam a2200109Ia 4500
008
190919s9999||||xx |||||||||||||| ||und||
100
_a
Maurice Hardaker
245
0
_a
Total Competitiveness
260
_a
london
_b
McGraw Hill
_c
2004
300
_a
96
942
_c
BK
999
_c
11160
_d
11160